[Event "Campeonato Brasileiro Amador 2016 U2000"]
[Site "Esporte Clube Pinheiros"]
[Date "2016.05.26"]
[Round "1.26"]
[White "Passos Coutinho, Eduardo"]
[Black "Peixoto, Helio Ricardo Souti"]
[Result "0-1"]
[WhiteElo "1790"]
[BlackElo "1913"]
[PlyCount "78"]
[EventDate "2016.05.26"]

1. e4 c5 2. b3 Nc6 3. Bb2 d6 4. Bb5 Bd7 5. f4 Nf6 6. d3 e6 7. Nf3 Be7 8. Nbd2
a6 9. Bxc6 Bxc6 10. Qe2 O-O 11. O-O b5 12. Rae1 d5 13. Ne5 Bb7 14. Rf3 Rc8 15.
c4 Qa5 16. a3 bxc4 17. bxc4 dxc4 18. dxc4 Rfd8 19. Rd3 Rxd3 20. Qxd3 Nxe4 21.
Ndf3 Rd8 22. Qb3 Ba8 23. Qc2 f5 24. Rd1 Qc7 25. Qa4 Rxd1+ 26. Qxd1 Qd8 27. Qa4
Bb7 28. Nd7 Nf6 29. Nde5 Qb6 30. Qc2 Be4 31. Qc3 Qd6 32. Nd2 Bd8 33. h3 h6 34.
g4 Bc7 35. Ng6 fxg4 36. hxg4 Bxg6 37. g5 hxg5 38. fxg5 Qh2+ 39. Kf1 Nh5 0-1

[Event "Campeonato Brasileiro Amador 2016 U2000"]
[Site "Esporte Clube Pinheiros"]
[Date "2016.05.26"]
[Round "1.27"]
[White "Duailibe, Ricardo Miguel"]
[Black "Martinez, Marcio Eduardo"]
[Result "1-0"]
[WhiteElo "1900"]
[BlackElo "1779"]
[PlyCount "69"]
[EventDate "2016.05.26"]

1. e4 g6 2. d4 Bg7 3. Be3 d6 4. g3 Nf6 5. Bg2 Nc6 6. h3 e5 7. c3 O-O 8. Ne2 Re8
9. f3 Ne7 10. Qd2 c6 11. Na3 Be6 12. c4 exd4 13. Nxd4 d5 14. Nxe6 fxe6 15. exd5
exd5 16. O-O Nf5 17. Bf2 d4 18. Nc2 c5 19. Rfe1 Qd7 20. g4 Nd6 21. Qd3 Rxe1+
22. Rxe1 Re8 23. Bf1 Rxe1 24. Bxe1 Qe6 25. Bg3 Bh6 26. b4 b6 27. bxc5 bxc5 28.
Qa3 Nd7 29. Qxa7 Be3+ 30. Kh1 Nxc4 31. Ne1 Nd2 32. Bb5 Nb6 33. Qb8+ Kf7 34.
Qc7+ Kg8 35. Be5 1-0

[Event "Campeonato Brasileiro Amador 2016 U2000"]
[Site "Esporte Clube Pinheiros"]
[Date "2016.05.26"]
[Round "1.28"]
[White "Reis, Virginia Lagrange M"]
[Black "Milanez, Eduardo Medeiros"]
[Result "0-1"]
[WhiteElo "1776"]
[BlackElo "1885"]
[PlyCount "118"]
[EventDate "2016.05.26"]

1. e4 c6 2. d4 d5 3. Nd2 dxe4 4. Nxe4 Bf5 5. Ng3 Bg6 6. h4 h6 7. Nf3 Nd7 8. h5
Bh7 9. Bd3 Bxd3 10. Qxd3 Ngf6 11. Bd2 e6 12. O-O-O Bd6 13. Ne4 Nxe4 14. Qxe4
Qc7 15. g3 O-O-O 16. Qe2 Rhe8 17. Qc4 c5 18. Be3 Nb6 19. Qe2 c4 20. Kb1 Nd5 21.
Bc1 b5 22. Ne5 Bb4 23. Qf3 Re7 24. Bd2 c3 25. Bf4 Bd6 26. Rd3 b4 27. Re1 Kb8
28. bxc3 bxc3 29. Ka1 a6 30. Rb1+ Ka7 31. Rb3 Rc8 32. Rd1 Nb4 33. Rxb4 Bxb4 34.
Nd3 Bd6 35. Bxd6 Qxd6 36. Nc5 Qc6 37. Qxc3 e5 38. Qa3 exd4 39. Nb3 Qc3+ 40. Kb1
Re1 41. Rxe1 Qxe1+ 42. Nc1 Qxf2 43. Qb4 Qe3 44. Nb3 Qc3 45. Qxc3 dxc3 46. Nd4
Kb6 47. a3 Rc5 48. Ka2 Rxh5 49. Kb3 Rc5 50. Ne2 h5 51. Nf4 Rg5 52. Ne2 Re5 53.
Nf4 g6 54. Kxc3 Re3+ 55. Kb2 Rxg3 56. Nd5+ Kb7 57. c4 h4 58. Nf6 h3 59. Ne4
Rg2+ 0-1

[Event "Campeonato Brasileiro Amador 2016 U2000"]
[Site "Esporte Clube Pinheiros"]
[Date "2016.05.26"]
[Round "1.29"]
[White "Leon Lopes, Sergio Amadeus"]
[Black "Hoshino, Karen"]
[Result "0-1"]
[WhiteElo "1885"]
[BlackElo "1744"]
[PlyCount "66"]
[EventDate "2016.05.26"]

1. c4 c5 2. Nc3 d6 3. g3 Nf6 4. Bg2 g6 5. d3 Bg7 6. e3 O-O 7. Nge2 Nc6 8. O-O
Bf5 9. Nf4 Qd7 10. e4 Bg4 11. f3 Be6 12. Nxe6 Qxe6 13. Be3 a6 14. Nd5 Ne8 15.
Qd2 Rc8 16. Bh6 Nc7 17. Bxg7 Kxg7 18. a3 Na8 19. b4 Qd7 20. f4 e6 21. f5 h6 22.
f6+ Kh7 23. Ne3 Nd4 24. Ng4 g5 25. Rab1 b5 26. h4 Rg8 27. Kh1 e5 28. Ne3 Rg6
29. Nd5 gxh4 30. Ne7 Rxg3 31. Nf5 Nxf5 32. exf5 Rcg8 33. Be4 Rh3+ 0-1

[Event "Campeonato Brasileiro Amador 2016 U2000"]
[Site "Esporte Clube Pinheiros"]
[Date "2016.05.26"]
[Round "1.30"]
[White "Campos, Westerley Batista"]
[Black "Yoshioka, Andre"]
[Result "1/2-1/2"]
[WhiteElo "1744"]
[BlackElo "1882"]
[PlyCount "45"]
[EventDate "2016.05.26"]

1. d4 Nf6 2. Bf4 e6 3. Nf3 c5 4. e3 d5 5. c3 Nc6 6. Bd3 Bd6 7. Bxd6 Qxd6 8.
Nbd2 cxd4 9. exd4 O-O 10. O-O e5 11. dxe5 Nxe5 12. Nxe5 Qxe5 13. Re1 Qd6 14. h3
Bd7 15. Nb3 Rfe8 16. Qd2 Qb6 17. Rxe8+ Rxe8 18. Re1 Qd8 19. Rxe8+ Qxe8 20. Qe2
Qd8 21. Qe3 b6 22. Nd4 Qe8 23. Qxe8+ 1/2-1/2

[Event "Campeonato Brasileiro Amador 2016 U2000"]
[Site "Esporte Clube Pinheiros"]
[Date "2016.05.26"]
[Round "1.31"]
[White "Reboucas, Deive Pacheco"]
[Black "Caporale, Giuseppe Guido"]
[Result "1-0"]
[WhiteElo "1882"]
[BlackElo "1738"]
[PlyCount "67"]
[EventDate "2016.05.26"]

1. Nf3 Nf6 2. b3 b6 3. Bb2 Bb7 4. d3 c5 5. e4 d6 6. g3 Nc6 7. Bg2 e6 8. O-O Be7
9. Nbd2 Qc7 10. Re1 e5 11. a4 O-O 12. Nc4 a6 13. Ne3 Bc8 14. Nh4 g6 15. f4 exf4
16. gxf4 Bb7 17. Nf3 Rae8 18. Qd2 b5 19. e5 dxe5 20. fxe5 Nh5 21. Ng4 Nd4 22.
Nxd4 cxd4 23. Bxd4 Bxg2 24. Qxg2 Bc5 25. Qd5 Bxd4+ 26. Qxd4 Qxc2 27. e6 f6 28.
e7 Rf7 29. Nh6+ Kg7 30. Nxf7 Kxf7 31. axb5 Qxb3 32. bxa6 g5 33. a7 Qb7 34. Qe4
1-0

[Event "Campeonato Brasileiro Amador 2016 U2000"]
[Site "Esporte Clube Pinheiros"]
[Date "2016.05.26"]
[Round "1.32"]
[White "Sato, Claudio Takeshi"]
[Black "Da Silva, Angelo Luiz"]
[Result "0-1"]
[WhiteElo "1464"]
[BlackElo "1879"]
[PlyCount "58"]
[EventDate "2016.05.26"]

1. e4 c5 2. Nf3 Nc6 3. Nc3 e6 4. Be2 d5 5. exd5 exd5 6. d4 Nf6 7. h3 h6 8. Bf4
Be6 9. O-O Be7 10. Nb5 Rc8 11. dxc5 Bxc5 12. Nbd4 O-O 13. Nxc6 bxc6 14. Ba6 Rb8
15. Bxb8 Qxb8 16. b3 Ne4 17. Be2 Re8 18. Nd4 Bxh3 19. Bf3 Bd7 20. Qd3 Qf4 21.
Bxe4 Rxe4 22. Ne2 Qe5 23. Ng3 Rg4 24. Ne2 Bd6 25. g3 Qh5 26. c4 Bf5 27. Qe3 Re4
28. Qxa7 Rxe2 29. Qd4 Bxg3 0-1

[Event "Campeonato Brasileiro Amador 2016 U2000"]
[Site "Esporte Clube Pinheiros"]
[Date "2016.05.26"]
[Round "1.33"]
[White "Camara, Jose Arruda"]
[Black "Sato, Luiz Henrique Yuzo "]
[Result "1/2-1/2"]
[WhiteElo "1878"]
[BlackElo "1407"]
[PlyCount "89"]
[EventDate "2016.05.26"]

1. e4 e5 2. Nf3 Nf6 3. Nxe5 d6 4. Nf3 Nxe4 5. d4 d5 6. Bd3 Nf6 7. O-O Be7 8. h3
O-O 9. Bf4 Nc6 10. c3 Re8 11. Qc2 h6 12. Nbd2 Bd6 13. Be3 Be6 14. a3 a6 15. c4
b6 16. cxd5 Bxd5 17. Bc4 Qd7 18. Rac1 Re6 19. Rfd1 h5 20. Bd3 Rae8 21. Bf5 R8e7
22. Ne5 Nxe5 23. dxe5 Bxe5 24. Nf3 Rc6 25. Bc5 Qe8 26. Kh1 Bd6 27. b4 Re2 28.
Rd2 Bxf3 29. gxf3 Qe5 30. Rxd6 Rxc2 31. Rd8+ Ne8 32. Bxc2 g6 33. Rcd1 Re6 34.
Bb3 Rc6 35. Bxf7+ Kxf7 36. R1d7+ Kg8 37. Re7 Qxe7 38. Bxe7 Kf7 39. Bc5 Nf6 40.
Kg2 Ke6 41. Rd4 Kf5 42. Rd8 Ke6 43. Rd3 Kf5 44. Rd8 Ke6 45. Rd3 1/2-1/2

[Event "Campeonato Brasileiro Amador 2016 U2000"]
[Site "Esporte Clube Pinheiros"]
[Date "2016.05.26"]
[Round "2.1"]
[White "Da Silva, Angelo Luiz"]
[Black "Da Silva Junior, Sediney Mari"]
[Result "0-1"]
[WhiteElo "1879"]
[BlackElo "1998"]
[PlyCount "76"]
[EventDate "2016.05.26"]

1. d4 f5 2. Bg5 d6 3. Nc3 c6 4. e3 g6 5. Bc4 Nf6 6. Bxf6 exf6 7. h4 d5 8. Bd3
h5 9. Qf3 Qc7 10. Nge2 Bd6 11. O-O-O b5 12. Bxb5 cxb5 13. Nxb5 Qc6 14. Nxd6+
Qxd6 15. Nf4 Kf7 16. Qxd5+ Qxd5 17. Nxd5 Na6 18. f3 Bb7 19. Nf4 Rac8 20. a3
Rhd8 21. Kb1 Nc7 22. c4 Ne6 23. Nxe6 Kxe6 24. Rc1 Kd6 25. b4 Re8 26. Rc3 Re7
27. Kc2 Rh8 28. b5 g5 29. c5+ Kc7 30. hxg5 fxg5 31. c6 Bc8 32. Kd3 h4 33. d5
Kd6 34. Kc4 g4 35. Rd3 h3 36. gxh3 Rxh3 37. Rdd1 Rxe3 38. fxg4 Re4+ 0-1

[Event "Campeonato Brasileiro Amador 2016 U2000"]
[Site "Esporte Clube Pinheiros"]
[Date "2016.05.26"]
[Round "2.2"]
[White "Ikejiri, Daniel Yoshito"]
[Black "Nascimento, Pedro Henrique Alve"]
[Result "1/2-1/2"]
[WhiteElo "1965"]
[BlackElo "1872"]
[PlyCount "152"]
[EventDate "2016.05.26"]

1. d4 e6 2. e4 d5 3. Nd2 Nc6 4. Ngf3 Nf6 5. e5 Nd7 6. c3 Be7 7. Bd3 O-O 8. O-O
f6 9. exf6 Bxf6 10. Re1 Re8 11. Qc2 g6 12. Bb5 a6 13. Bxc6 bxc6 14. Ne5 Nxe5
15. dxe5 Be7 16. Nf3 c5 17. Bh6 Bb7 18. Qd2 d4 19. Qf4 Bxf3 20. Qxf3 Bg5 21.
Bxg5 Qxg5 22. Rad1 Red8 23. Qc6 Qe7 24. cxd4 Rab8 25. b3 cxd4 26. Rc1 Rbc8 27.
Red1 Kf7 28. Rd3 Qg5 29. Rf3+ Kg7 30. Rf6 Qxe5 31. Rxe6 Qg5 32. Rd1 d3 33. Re3
Qg4 34. Qc3+ Kg8 35. f3 Qf5 36. Re7 Qf8 37. Qc4+ Kh8 38. Qh4 h6 39. Qe4 Qf6 40.
Re6 Qd4+ 41. Qxd4+ Rxd4 42. Rd2 Rd6 43. Rxd6 cxd6 44. Rxd3 Rc1+ 45. Kf2 Rc2+
46. Kg3 Rxa2 47. Rxd6 Kg7 48. b4 Ra4 49. Rb6 a5 50. bxa5 Rxa5 51. h4 h5 52. Kh3
Ra3 53. Kg3 Ra4 54. Rd6 Rb4 55. Re6 Kf7 56. Re4 Rb2 57. Kh3 Rb3 58. Rf4+ Kg7
59. g4 hxg4+ 60. Kxg4 Rb1 61. Ra4 Kh6 62. Ra5 Rg1+ 63. Kh3 Rh1+ 64. Kg3 Rg1+
65. Kh2 Rb1 66. Kg2 Rb4 67. Kg3 Rb1 68. Ra2 Rb4 69. f4 Rb6 70. Kg4 Rb5 71. Rg2
Rb3 72. Rh2 Rb5 73. Re2 Rb1 74. Re6 Rg1+ 75. Kh3 Rh1+ 76. Kg3 Kg7 1/2-1/2

[Event "Campeonato Brasileiro Amador 2016 U2000"]
[Site "Esporte Clube Pinheiros"]
[Date "2016.05.26"]
[Round "2.3"]
[White "Rocha, Arthur Ferreira"]
[Black "Bonvini, Alberto Tonhati"]
[Result "1-0"]
[WhiteElo "1962"]
[BlackElo "1871"]
[PlyCount "111"]
[EventDate "2016.05.26"]

1. e4 e5 2. Nf3 Nc6 3. Bc4 Nf6 4. d4 exd4 5. e5 d5 6. Bb5 Nd7 7. O-O Bc5 8.
Bxc6 bxc6 9. Nxd4 Bxd4 10. Qxd4 Qe7 11. Re1 Bb7 12. b4 O-O 13. Bb2 Qe6 14. Nd2
a5 15. a3 Rfe8 16. Nb3 axb4 17. axb4 Rxa1 18. Bxa1 Ra8 19. Qh4 h6 20. Nd4 Qxe5
21. Bc3 Qf6 22. Qg3 Qd6 23. Qxd6 cxd6 24. Nf5 g6 25. Nxd6 Ba6 26. Re7 Rd8 27.
Nxf7 Kf8 28. Nxd8 Kxe7 29. Nxc6+ Kd6 30. Nd4 Bb7 31. Bd2 h5 32. Bf4+ Ke7 33. b5
Nb6 34. Nc6+ Kf6 35. Na5 Ba8 36. Bc7 Nc4 37. Nxc4 dxc4 38. Kf1 Ke6 39. f3 Kd5
40. c3 g5 41. Kf2 Bb7 42. Kg3 Bc8 43. h4 g4 44. Kf4 Bd7 45. b6 gxf3 46. gxf3
Bc6 47. Kg5 Ke6 48. f4 Bf3 49. Kg6 Be4+ 50. Kxh5 Kf5 51. Kh6 Kf6 52. Bd8+ Kf5
53. Kg7 Kxf4 54. h5 Ke3 55. h6 Kd3 56. Bf6 1-0

[Event "Campeonato Brasileiro Amador 2016 U2000"]
[Site "Esporte Clube Pinheiros"]
[Date "2016.05.26"]
[Round "2.4"]
[White "Silva, Vinicius Parente"]
[Black "Lima, Eduardo Augusto Fabr"]
[Result "1-0"]
[WhiteElo "1874"]
[BlackElo "1957"]
[PlyCount "46"]
[EventDate "2016.05.26"]

1. e4 c5 2. Nc3 e6 3. g3 Nc6 4. Bg2 Nf6 5. d3 Be7 6. f4 d6 7. Nf3 O-O 8. O-O a6
9. h3 Qc7 10. g4 b6 11. f5 Bb7 12. Ne2 d5 13. g5 Nd7 14. Nf4 dxe4 15. dxe4 Nd4
16. Nxd4 cxd4 17. f6 gxf6 18. gxf6 Nxf6 19. Nh5 Nxh5 20. Qxh5 f5 21. Rf2 Qg3
22. Bf4 Qh4 23. Qh6 Rf6 1-0

[Event "Campeonato Brasileiro Amador 2016 U2000"]
[Site "Esporte Clube Pinheiros"]
[Date "2016.05.26"]
[Round "2.5"]
[White "Desideri, Ricardo Maruchi"]
[Black "Baba, Renato"]
[Result "0-1"]
[WhiteElo "1950"]
[BlackElo "1858"]
[PlyCount "66"]
[EventDate "2016.05.26"]

1. e4 c5 2. Nf3 e6 3. d4 cxd4 4. Nxd4 Nf6 5. Nc3 d6 6. Be3 a6 7. g4 h6 8. Rg1
Nc6 9. Qe2 Nxd4 10. Bxd4 b5 11. O-O-O Qa5 12. e5 dxe5 13. Bxe5 Bd7 14. Bg2 Rd8
15. f4 b4 16. Nd5 Nxd5 17. Bxd5 f6 18. Bd4 Qxd5 19. Bxf6 Qxa2 20. Bxd8 Kxd8 21.
Qe5 Qa1+ 22. Kd2 Qa4 23. Rg3 Qb5 24. Rd3 Qxe5 25. fxe5 Kc7 26. Kc1 Bc6 27. Rd8
Bd5 28. Re8 Kd7 29. Rb8 Kc7 30. Re8 Kd7 31. Rb8 g6 32. c4 bxc3 33. bxc3 Ba3+
0-1

[Event "Campeonato Brasileiro Amador 2016 U2000"]
[Site "Esporte Clube Pinheiros"]
[Date "2016.05.26"]
[Round "2.6"]
[White "De Borba, Gabriel"]
[Black "Rodrigo Da Silva, Edson"]
[Result "0-1"]
[WhiteElo "1864"]
[BlackElo "1946"]
[PlyCount "74"]
[EventDate "2016.05.26"]

1. e4 e5 2. Nf3 Nc6 3. Bb5 a6 4. Ba4 Nf6 5. d3 b5 6. Bb3 Be7 7. O-O O-O 8. c3
d6 9. Re1 Na5 10. Bc2 c5 11. Nbd2 Nc6 12. h3 Qc7 13. Nf1 h6 14. Ng3 Re8 15. Be3
Bf8 16. d4 Bd7 17. Rc1 Rac8 18. d5 Ne7 19. Nh4 Kh7 20. f4 Ng6 21. Nxg6 fxg6 22.
fxe5 Rxe5 23. Bf4 Ree8 24. Kh1 c4 25. Qf3 Be7 26. e5 dxe5 27. Bxe5 Bd6 28. Bxd6
Qxd6 29. Ne4 Nxe4 30. Bxe4 Rf8 31. Qe2 Rce8 32. Qc2 Rf6 33. Bf3 Rxe1+ 34. Rxe1
Bxh3 35. Qe4 Qg3 36. d6 Rxf3 37. Qxf3 Qxe1+ 0-1

[Event "Campeonato Brasileiro Amador 2016 U2000"]
[Site "Esporte Clube Pinheiros"]
[Date "2016.05.26"]
[Round "2.7"]
[White "Hirota Da Silva, Nilton"]
[Black "Bail, Ellen Larissa"]
[Result "1/2-1/2"]
[WhiteElo "1946"]
[BlackElo "1851"]
[PlyCount "78"]
[EventDate "2016.05.26"]

1. d4 d5 2. Nf3 e6 3. g3 Nf6 4. Bg2 Be7 5. O-O O-O 6. c4 c5 7. cxd5 Nxd5 8. e4
Nf6 9. Nc3 cxd4 10. Nxd4 e5 11. Nc2 Nc6 12. h3 a6 13. Be3 Qxd1 14. Rfxd1 Be6
15. Nd5 Rac8 16. Nxe7+ Nxe7 17. Ne1 Rfd8 18. b3 Kf8 19. f3 Ke8 20. Bf1 Nc6 21.
Rxd8+ Rxd8 22. Rc1 Nh5 23. Kg2 Nb4 24. a3 Na2 25. Rc7 Rd1 26. Bf2 Rd7 27. Rc5
f6 28. b4 Kd8 29. Bc4 Bxc4 30. Rxc4 Rd2 31. Kf1 Kd7 32. Rc2 Rxc2 33. Nxc2 Nc3
34. Ke1 Kc6 35. Kd2 Nb1+ 36. Kc1 Nc3 37. Kd2 Nb1+ 38. Kc1 Nc3 39. Kd2 Nb1+
1/2-1/2

[Event "Campeonato Brasileiro Amador 2016 U2000"]
[Site "Esporte Clube Pinheiros"]
[Date "2016.05.26"]
[Round "2.8"]
[White "Dias, Marcelo De Souza"]
[Black "Da Silva, Mikhail Zoltan Iwano"]
[Result "1/2-1/2"]
[WhiteElo "1842"]
[BlackElo "1939"]
[PlyCount "141"]
[EventDate "2016.05.26"]

1. d4 Nf6 2. c4 e6 3. Nc3 Bb4 4. Bg5 c5 5. d5 h6 6. Bf4 g5 7. Bg3 Ne4 8. Rc1
Qa5 9. Qb3 h5 10. f3 Bxc3+ 11. bxc3 Nxg3 12. hxg3 Qc7 13. g4 Qg3+ 14. Kd2 h4
15. Nh3 b6 16. Qc2 Qe5 17. Qd3 Ba6 18. e4 d6 19. Kc2 Rg8 20. Rd1 Ke7 21. Qd2
Nd7 22. Bd3 Qf6 23. Rhf1 e5 24. a4 Qg7 25. Ra1 f6 26. Nf2 Rgb8 27. Nd1 Nf8 28.
Ne3 Kd7 29. Rab1 Ng6 30. Rb2 Nf4 31. Rfb1 Qf7 32. Kb3 Bc8 33. Ka3 Kc7 34. Bf1
Bd7 35. Qc2 Qe8 36. Nf5 Bxf5 37. gxf5 Qh5 38. a5 Qe8 39. a6 Kd8 40. Qb3 Ke7 41.
Qb5 Qxb5 42. cxb5 Rh8 43. Bc4 Rh6 44. Rh1 Rah8 45. Bf1 Nh5 46. Rh3 Nf4 47. Rh1
Kf7 48. Kb3 Kg7 49. Rf2 Nh5 50. Rh3 Nf4 51. Rh1 Kf7 52. Kc2 Kg7 53. Kb3 h3 54.
g3 Ng2 55. Rh2 Ne3 56. Be2 Kf7 57. Kb2 g4 58. f4 Rg8 59. Kc1 Ng2 60. fxe5 fxe5
61. Kd2 Rh5 62. Bf1 Nh4 63. Ke3 Nf3 64. Rxf3 gxf3 65. Kxf3 Rgh8 66. g4 Rh4 67.
Kg3 Kf6 68. c4 Kg5 69. Be2 R8h6 70. Bf3 Rh8 71. Be2 1/2-1/2

[Event "Campeonato Brasileiro Amador 2016 U2000"]
[Site "Esporte Clube Pinheiros"]
[Date "2016.05.26"]
[Round "2.9"]
[White "De Arruda Filho, Nivaldo Jesus"]
[Black "Zeituni, Carlos Alberto"]
[Result "1/2-1/2"]
[WhiteElo "1937"]
[BlackElo "1829"]
[PlyCount "40"]
[EventDate "2016.05.26"]

1. e4 e5 2. Nf3 Nf6 3. Nc3 Nc6 4. d4 exd4 5. Nxd4 Bb4 6. Nxc6 Bxc3+ 7. bxc3
bxc6 8. Bd3 Qe7 9. O-O O-O 10. Bg5 h6 11. Bh4 g5 12. Bg3 d6 13. e5 dxe5 14. Re1
Bg4 15. f3 Bh5 16. Bxe5 Nd5 17. Bg7 Qc5+ 18. Bd4 Qd6 19. Be5 Qc5+ 20. Bd4 Qd6
1/2-1/2

[Event "Campeonato Brasileiro Amador 2016 U2000"]
[Site "Esporte Clube Pinheiros"]
[Date "2016.05.26"]
[Round "2.10"]
[White "Silva, Emerson Soares Da"]
[Black "Felix, Raimundo Nascimento"]
[Result "1-0"]
[WhiteElo "1830"]
[BlackElo "1930"]
[PlyCount "47"]
[EventDate "2016.05.26"]

1. d4 Nf6 2. c4 g6 3. Nc3 Bg7 4. e4 d6 5. Be2 Nc6 6. d5 Ne5 7. f4 Ned7 8. Nf3
Nc5 9. e5 Nfe4 10. Nxe4 Nxe4 11. Bd3 Nc5 12. Bc2 a5 13. Be3 b6 14. O-O O-O 15.
Bxc5 bxc5 16. Qe1 Bb7 17. e6 f6 18. Qh4 Qe8 19. Qh3 c6 20. f5 g5 21. Nxg5 fxg5
22. f6 Rxf6 23. Qxh7+ Kf8 24. Bg6 1-0

[Event "Campeonato Brasileiro Amador 2016 U2000"]
[Site "Esporte Clube Pinheiros"]
[Date "2016.05.26"]
[Round "2.11"]
[White "Hara, Aroldo Hiroiuqui"]
[Black "Dias, Joao Batista"]
[Result "0-1"]
[WhiteElo "1822"]
[BlackElo "1921"]
[PlyCount "110"]
[EventDate "2016.05.26"]

1. Nf3 g6 2. d4 Bg7 3. e3 d5 4. Bd3 Nf6 5. h3 O-O 6. O-O Nbd7 7. c3 Re8 8. Nbd2
c5 9. b3 b6 10. Bb2 Bb7 11. Rc1 Rc8 12. Qe2 e5 13. dxe5 Nxe5 14. Nxe5 Rxe5 15.
Nf3 Re7 16. Rfe1 Qc7 17. Bb1 Rce8 18. Ba3 Ne4 19. Bxe4 Rxe4 20. Qc2 a5 21. Nd2
R4e6 22. Qd3 Qe5 23. Nf3 Qh5 24. Nd2 d4 25. cxd4 cxd4 26. e4 Bc6 27. f3 Qh4 28.
Bb2 Rd8 29. a4 Qf4 30. Nf1 Qb8 31. Rc2 b5 32. Rec1 Qb6 33. axb5 Bxb5 34. Qd2
d3+ 35. Rc5 Bf8 36. Ba3 Rc6 37. Kh1 Bxc5 38. Bxc5 Rxc5 39. Qe3 Rdc8 40. Rd1 Qd6
41. Qd2 Rc3 42. Ne3 Qd4 43. Ng4 h5 44. Nh6+ Kg7 45. Qg5 R3c5 46. Nf5+ Rxf5 47.
exf5 Qf6 48. Qe3 Qxf5 49. Qd4+ Qf6 50. Qd5 Qf5 51. Qd4+ Kg8 52. Qb6 a4 53. b4
Qd5 54. Re1 d2 55. Rd1 Be2 0-1

[Event "Campeonato Brasileiro Amador 2016 U2000"]
[Site "Esporte Clube Pinheiros"]
[Date "2016.05.26"]
[Round "2.12"]
[White "Peixoto, Helio Ricardo Soutin"]
[Black "Ribeiro, Allysson"]
[Result "0-1"]
[WhiteElo "1913"]
[BlackElo "1814"]
[PlyCount "52"]
[EventDate "2016.05.26"]

1. e4 c5 2. Nf3 g6 3. c4 Nc6 4. d4 cxd4 5. Nxd4 Bg7 6. Nxc6 bxc6 7. Nc3 Nf6 8.
Be2 O-O 9. O-O a5 10. Be3 a4 11. Rc1 d6 12. f3 Qa5 13. Qd2 Be6 14. Bd3 Rfb8 15.
Rc2 Nd7 16. f4 Nc5 17. f5 Bd7 18. Rf3 Rxb2 19. Rxb2 Bxc3 20. Qc2 Bxb2 21. Qxb2
Nxd3 22. Qd4 Ne5 23. Rf1 Qb4 24. Bf4 c5 25. Qd5 Bc6 26. Qd1 Qxc4 0-1

[Event "Campeonato Brasileiro Amador 2016 U2000"]
[Site "Esporte Clube Pinheiros"]
[Date "2016.05.26"]
[Round "2.13"]
[White "Casarin, Luis Marcio Pinhatt"]
[Black "Duailibe, Ricardo Miguel"]
[Result "1-0"]
[WhiteElo "1819"]
[BlackElo "1900"]
[PlyCount "101"]
[EventDate "2016.05.26"]

1. c4 c5 2. Nc3 Nc6 3. Nf3 e5 4. e3 d6 5. Be2 f5 6. d3 Nf6 7. a3 Bd7 8. O-O g6
9. Rb1 a5 10. Qc2 Bg7 11. Nb5 Bc8 12. b3 O-O 13. Bb2 h6 14. Rfd1 Qe7 15. d4 e4
16. Nh4 Kh7 17. g3 g5 18. Ng2 Rg8 19. dxc5 dxc5 20. Rd6 Ne8 21. Rd2 Ne5 22.
Rbd1 Be6 23. a4 b6 24. Nc3 Nc7 25. Nxe4 Bf7 26. Nd6 Bg6 27. Nxf5 Qf8 28. e4 Bf6
29. Nge3 Re8 30. Kh1 Ne6 31. Nd5 Bh8 32. f4 Nc6 33. Bxh8 Kxh8 34. Qc3+ Ned4 35.
Bd3 Bh5 36. Rf1 gxf4 37. Rxf4 Re5 38. Nxd4 cxd4 39. Rxf8 dxc3 40. Rxg8+ Kxg8
41. Nxc3 Bf3+ 42. Kg1 Nd4 43. Bc2 Nc6 44. Kf2 Bg4 45. Ke3 Re8 46. Nd5 Rf8 47.
Rf2 Rxf2 48. Kxf2 Nd4 49. Nf6+ Kg7 50. Nxg4 Nxc2 51. Ne3 1-0

[Event "Campeonato Brasileiro Amador 2016 U2000"]
[Site "Esporte Clube Pinheiros"]
[Date "2016.05.26"]
[Round "2.15"]
[White "Hoshino, Karen"]
[Black "Reboucas, Deive Pacheco"]
[Result "1-0"]
[WhiteElo "1744"]
[BlackElo "1882"]
[PlyCount "67"]
[EventDate "2016.05.26"]

1. d4 e6 2. c4 f5 3. Nc3 Nf6 4. Nf3 c6 5. Bf4 d5 6. e3 Bd6 7. Be5 O-O 8. Be2
Ne4 9. O-O b6 10. Rc1 Bb7 11. Qc2 g5 12. cxd5 exd5 13. Bxd6 Nxd6 14. Bd3 Nd7
15. Rfd1 Qe7 16. Ne2 g4 17. Nd2 Rf6 18. Nf4 Raf8 19. Nf1 Rh6 20. Ng3 Ne4 21.
Qe2 Qh4 22. Nf1 Qg5 23. b4 b5 24. Rc2 Qe7 25. a3 Ng5 26. Ng3 Rhf6 27. Bxf5 Rxf5
28. Qxg4 h5 29. Nxf5 Qf6 30. Nh6+ Qxh6 31. Qxd7 Rf7 32. Qe8+ Kg7 33. Qe5+ Kh7
34. h4 1-0

[Event "Campeonato Brasileiro Amador 2016 U2000"]
[Site "Esporte Clube Pinheiros"]
[Date "2016.05.26"]
[Round "2.16"]
[White "Caceres, Elton Carlos"]
[Black "Deste, Dayan Kuhn"]
[Result "0-1"]
[WhiteElo "1854"]
[BlackElo "1966"]
[PlyCount "80"]
[EventDate "2016.05.26"]

1. Nf3 d5 2. d4 Bf5 3. e3 e6 4. Bd3 Bd6 5. c4 dxc4 6. Bxf5 exf5 7. Qa4+ Qd7 8.
Qxc4 Nf6 9. Nc3 O-O 10. Nb5 Re8 11. Nxd6 Qxd6 12. Ne5 Re6 13. Bd2 Nd5 14. Rc1
Nd7 15. Nxd7 Qxd7 16. Qd3 Nf4 17. Qc2 Qb5 18. Qc4 Qxb2 19. O-O Rc6 20. Qb3 Ne2+
21. Kh1 Qxb3 22. axb3 Nxc1 23. Bxc1 Rb6 24. g4 fxg4 25. e4 Rxb3 26. Bf4 c6 27.
Ra1 Rd3 28. Be3 a5 29. Kg2 a4 30. Kf1 a3 31. Ke2 Rb3 32. Kd1 a2 33. Kc2 Rb5 34.
e5 Kf8 35. Bd2 Ke7 36. Bc3 Rb1 37. Rxb1 axb1=Q+ 38. Kxb1 Ke6 39. Kb2 Kd5 40.
Kb3 b5 0-1

[Event "Campeonato Brasileiro Amador 2016 U2000"]
[Site "Esporte Clube Pinheiros"]
[Date "2016.05.26"]
[Round "2.17"]
[White "Serafim Junior, Arnor"]
[Black "Ferreira Jr, Walter"]
[Result "1/2-1/2"]
[WhiteElo "1868"]
[BlackElo "1954"]
[PlyCount "76"]
[EventDate "2016.05.26"]

1. Nf3 d5 2. g3 Nf6 3. Bg2 c6 4. O-O g6 5. b3 Bg7 6. Bb2 O-O 7. d3 Bg4 8. Nbd2
Qc8 9. Re1 Re8 10. c4 dxc4 11. Nxc4 Nbd7 12. h3 Bxf3 13. Bxf3 Nf8 14. Kh2 Ne6
15. Qd2 Qd8 16. Na5 Qb6 17. d4 Rad8 18. Nc4 Nxd4 19. Bxd4 Qxd4 20. Qxd4 Rxd4
21. e3 Rd7 22. Rad1 Red8 23. Rxd7 Rxd7 24. Rd1 Rxd1 25. Bxd1 Ne4 26. Kg2 Nd6
27. Na3 Kf8 28. f4 Ke8 29. Kf3 f5 30. g4 e6 31. Bc2 Ke7 32. Bd3 a6 33. Nc2 c5
34. a4 Kd7 35. Na3 Kc6 36. Nc4 Nxc4 37. Bxc4 Kd6 38. e4 fxe4+ 1/2-1/2

[Event "Campeonato Brasileiro Amador 2016 U2000"]
[Site "Esporte Clube Pinheiros"]
[Date "2016.05.26"]
[Round "2.18"]
[White "Lunelli, Neuri Antonio"]
[Black "Farias, Jose Nogueira De"]
[Result "0-1"]
[WhiteElo "1800"]
[BlackElo "1941"]
[PlyCount "110"]
[EventDate "2016.05.26"]

1. d4 Nf6 2. Nf3 d5 3. g3 c5 4. e3 Nc6 5. Bg2 Bg4 6. O-O e5 7. h3 Bxf3 8. Bxf3
cxd4 9. exd4 Nxd4 10. Bg2 Nc6 11. c4 d4 12. Re1 Nd7 13. Bxc6 bxc6 14. Qxd4 Be7
15. Qg4 O-O 16. Bh6 Bf6 17. Nc3 Nc5 18. b4 Qd4 19. bxc5 Qxc3 20. Rad1 Rad8 21.
Kg2 Rd4 22. Rxd4 exd4 23. Rc1 Qa5 24. Qf5 Qxa2 25. Bf4 Qa3 26. Rd1 Qb3 27. Rd3
Qxc4 28. Bd6 Rd8 29. g4 h6 30. Ra3 a6 31. Qd3 Qxd3 32. Rxd3 g6 33. Kf3 Rd7 34.
Ra3 Be7 35. Bxe7 Rxe7 36. Rxa6 Re6 37. Ra8+ Kg7 38. Rd8 Re5 39. Rxd4 Rxc5 40.
h4 Kf6 41. Ke4 Re5+ 42. Kf4 g5+ 43. hxg5+ hxg5+ 44. Kg3 Rd5 45. Rc4 c5 46. f4
gxf4+ 47. Rxf4+ Ke6 48. Kf3 Rd4 49. Rxd4 cxd4 50. Ke4 Kf6 51. Kxd4 Kg5 52. Ke3
Kxg4 53. Kf2 Kf4 54. Kg2 Ke3 55. Kf1 f5 0-1